000
00247nam a2200097Ia 4500
001
643350
005
20250826153544.0
008
250824s9999 xx 000 0 und d
245
0
_a
GÜLME BAŞINA GELİR KOMŞUNA
_c
MİNE SOTA
260
_b
GENÇ TİMAŞ
999
_c
643350
_d
643350